000 00436nam a2200169Ia 4500
008 230711s9999||||xx |||||||||||||| ||und||
020 _a978-08-570-9002-7
041 _aENG
082 _a677
_bHA-S
100 _aHayavadana,J
245 0 _aStatistics for textile and apparel management
250 _a1st Ed.
260 _c2012
_aCamberidge
_bWoodhead Publishing Ltd
300 _a356p.
650 _aTextile Engineering
942 _cBK
999 _c5840
_d5840